00649nam a2200157 a 4500008004100000050001500041100001900056245008300075260004000158300002100198350000900219700002100228995009400249999001700343952013100360120416s1973 ||||||||||||||||| || u aTA 403 Int aParker, Earl R14aThe science of materials used in advanced technologycedited by Earl R. Parker aNew YorkbJohn Wiley and Sonsc1973 aix, 560p. : ill. a0.00 aColombo, Umberto D0.00FCBU-MAIN LIBRARY (Kitwe)H1I14.00M1UDAMAGEDZMain Library Open Access Collection c57104d57104 00102lcc4070a001b001cMain Library Open Access Collectiond2022-11-30l0oTA 403 Intp014157r2022-11-30w2022-11-30y002